| 000 | 01180nam a22003497a 4500 | ||
|---|---|---|---|
| 003 | CHAP | ||
| 005 | 20220329141501.0 | ||
| 008 | 971013s1989 mx a r 00010 spa d | ||
| 010 | _a68866 | ||
| 011 | _a69838 | ||
| 035 | _a79316 | ||
| 040 | _cCHAP | ||
| 090 | _aFolleto 12335 | ||
| 100 | 0 | 0 |
_aAboites Aguilar, Jaime. _9232 |
| 245 | 1 |
_aBreve historia de un invento olvidado _b: las máquinas tortilladoras en México |
|
| 260 |
_aMéxico : _bUniversidad Autónoma Metropolitana, _c1989 |
||
| 300 |
_a79 p. _b: ilus. ; gráfs. |
||
| 490 |
_aBreviarios de la investigación _v; 9 |
||
| 500 | _a32-14 | ||
| 590 |
_aBATCH-UPD _b10 _c20130110 _lUCH01 _h0210 |
||
| 590 |
_aBATCH-UPD _b10 _c20130110 _lUCH01 _h2043 |
||
| 590 |
_aBATCH-UPD _b10 _c20130409 _lUCH01 _h2224 |
||
| 590 |
_aBATCH-UPD _b10 _c20130410 _lUCH01 _h1357 |
||
| 590 |
_aBATCH-UPD _b10 _c20130913 _lUCH01 _h1819 |
||
| 590 |
_aBATCH-UPD _b10 _c20130914 _lUCH01 _h0749 |
||
| 590 |
_aCONVERSION _b10 _c20130109 _lUCH01 _h1338 |
||
| 650 | 1 | 4 |
_aTortillas de maíz. _9114318 |
| 830 | 0 |
_aBreviarios de la investigación _v; 9 _915274 |
|
| 901 | _aBK | ||
| 942 | _cFOLL | ||
| 949 |
_aFolleto 12335 _bBC _cFOLL _d-32203 _eTS1 _i79316 _mD _si |
||
| 999 |
_c68866 _d68866 |
||